Sanat - "Häissä" - JVG - Statistics

Yleistilastot
  • Tätä visaa on pelattu 1 290 kertaa
  • Keskiarvotulos 182 / 341
Vastaustilastot
Sanat % Oikein
Ha!
98%
ha!
98%
häis
97%
mä!
96%
96%
96%
Pienissä
96%
pienissä
96%
häissä!"
94%
häissä
94%
Ja
94%
ja
94%
oo
93%
vaa
92%
Vähä
91%
jäi
90%
oon
90%
jäis,
89%
myymälöissä,
88%
en
87%
jäissä,
87%
jäissä
87%
missää
87%
on
87%
töissä,
86%
85%
85%
Vähän
84%
öissä
80%
taas
73%
se,
71%
se
71%
Se
71%
täs
71%
Koutsi!
65%
Koutsi
65%
Aamul
64%
Märkä-Simo!
63%
VilleGalle!
61%
Meil
60%
tatsii
59%
ei
58%
ku
58%
yks
58%
et
57%
Onneks
57%
himas
56%
kaupungis
56%
matsi
56%
asti,
55%
seriffi.
55%
vaik
54%
Aamuun
52%
meillä
49%
Ne
47%
oot
47%
mut
46%
Tää
46%
aamulla
45%
faktahan
44%
vaikka
44%
perjantait
43%
koskaa
42%
lauantait
42%
naimisis
42%
"Siis
42%
viikko
41%
jos
39%
iha
38%
Sen
38%
aina
36%
No
36%
häät
35%
"Mitä
34%
kaa
33%
maksaa
33%
Mun
33%
taskubiljardii
33%
vaan
33%
saat
32%
vaimon
32%
äijä?"
30%
muista
30%
mulle
30%
pääl
29%
Pena
29%
syist
29%
hedari
28%
hirvee
28%
istut
28%
jälkee
28%
Koutsil
28%
lampait,
28%
Neuvostoliitto
28%
Pelaan
28%
puku
28%
Tääl
28%
ihan
27%
Matikaisen
27%
miljardin
27%
päädyis
27%
vedän
27%
kestää
25%
näläs
25%
tulla
25%
tuo
25%
yli,
25%
kultaa
24%
Lomalla
24%
Meen
24%
Ruotsista
24%
etukätee
23%
filas
23%
rajojeni
23%
'92
22%
hädäs
22%
Kentän
22%
Mää
22%
Muhammed
22%
Ali
21%
misis,
21%
rekalla
21%
aikamatkal
20%
Kebabrulla
20%
kiekkoo
20%
näkee
20%
jenkkii
19%
laidalki
19%
lauon
19%
sormet
19%
tullaan
19%
Viikonloput
19%
autan
18%
Bileet
18%
bullettii
18%
kitalakeen
18%
koskaan
18%
mäkkisafkal
18%
morsiusneitoi
18%
täält
18%
tuu
18%
Jumalan
17%
juomista
17%
päi
17%
salmarii
17%
tuopista,
17%
Elän
16%
huomista
16%
Koutsii
16%
mullettii
16%
ehi
15%
Humalan
15%
Jauhan
15%
hakusta
14%
halusta
14%
märäl
14%
sikamakeet
14%
Darraa
13%
Joka
13%
joka
13%
koko l
13%
Miks
13%
olla
13%
takana
13%
voi
13%
Juodaan
11%
juodaan
11%
oppukauden
11%
puhallus
11%
aamunen
10%
eilen
10%
Häppäril
10%
ilmasta
10%
join
10%
päivä
10%
perintötileiltä
10%
rahat
10%
selvä
10%
juhannus
9%
Koutsille
9%
nelssonin
9%
pidetään
9%
sena
9%
Ettet
8%
kerrostaloissa
8%
suoraa
8%
bileitä
7%
hanoista
7%
kurkusta
7%
pimeitä
7%
värjää
7%
Viis
7%
illassa
6%
mestassa
6%
Mikis
6%
Turhaan
6%
rupeet
5%
sataa
5%
eihäs
4%
märkään
2%
pimenny
2%
viiva
2%
Ehtoja vastaavia visoja ei löytynyt
Tulosjakauma
Jokaisen tuloksen saaneiden osuus
Persentiili vastausten määrän mukaan
Tuloshistoriasi
Et ole pelannut tätä visaa